000 00217nam a22000857a 4500
008 160819b xxu||||| |||| 00| 0 eng d
100 _9180
_aChopra
245 _aThree Drama (Hindi)
260 _aNew Delhi
_bM.N publisher
_c2011
999 _c2838
_d2838